| 000 | 00390nam a22001457a 4500 | ||
|---|---|---|---|
| 020 | _a0071163255 | ||
| 040 | _cNust | ||
| 082 |
_a531.32 _bKEL |
||
| 100 |
_aS. Graham Kelley _9127468 |
||
| 245 | _aFundamentals of mechanical vibrations | ||
| 250 | _a2nd edition | ||
| 260 |
_aNew York: _bMcGraw Hill, _c2000. |
||
| 650 |
_aFundamentals of mechanical vibrations _9127469 |
||
| 942 |
_2ddc _cBK |
||
| 999 |
_c612587 _d612587 |
||